লোডিং...

Oracle power objects handbook/

গ্রন্থ-পঞ্জীর বিবরন
প্রধান লেখক: Kolste, Bruce
অন্যান্য লেখক: Petersen, David [et al.]
বিন্যাস: Printed Book
ভাষা:English
প্রকাশিত: New Delhi: Tata McGraw Hill, 1995.
বিষয়গুলি:
LEADER 00659 a2200193 4500
008 090311t xxu||||| |||| 00| 0 eng d
020 |a 0 07 463213 2 
082 |a 004.65 O KOL 
100 |a Kolste, Bruce.  |9 2238 
245 |a Oracle power objects handbook/  |c Bruce Kolste 
260 |a New Delhi:  |b Tata McGraw Hill,  |c 1995. 
300 |a 567p. 
650 |a Object - oriented programming.  |9 2234 
650 |a SQL.  |9 2235 
700 |a Kolste, Bruce  |9 2236 
700 |a Petersen, David [et al.]  |9 2237 
942 |2 ddc  |c BK  |6 _ 
999 |c 84692  |d 84692 
952 |0 0  |1 0  |2 ddc  |4 0  |6 00465_OKOL  |7 0  |9 105763  |a DCA  |b DCA  |d 2009-03-11  |o 004.65 O KOL  |p CA001178  |r 2009-03-11  |w 2009-03-11  |y BK